Effective schools through effective management : (Record no. 4714)
[ view plain ]
| 000 -LEADER | |
|---|---|
| fixed length control field | 00717nam a2200193 4500 |
| 008 - FIXED-LENGTH DATA ELEMENTS--GENERAL INFORMATION | |
| fixed length control field | 011106s1978 us 1 engCO |
| 090 ## - LOCALLY ASSIGNED LC-TYPE CALL NUMBER (OCLC); LOCAL CALL NUMBER (OCLC) | |
| Classification number (OCLC) (R) ; Classification number, CALL (RLIN) (NR) | LB2831 |
| Local cutter number (OCLC) ; Book number/undivided call number, CALL (RLIN) | G28 |
| 100 1# - MAIN ENTRY--PERSONAL NAME | |
| Personal name | Genck, Fredric H. |
| 245 10 - TITLE STATEMENT | |
| Title | Effective schools through effective management : |
| Remainder of title | the school board's responsibility / |
| Statement of responsibility, etc | by Fredric H. Genck and Allen J. Klingenberg. |
| 260 ## - PUBLICATION, DISTRIBUTION, ETC. (IMPRINT) | |
| Place of publication, distribution, etc | Illinois : |
| Name of publisher, distributor, etc | Illinois Association of School Boards, |
| Date of publication, distribution, etc | c1978. |
| 300 ## - PHYSICAL DESCRIPTION | |
| Extent | 204 p. |
| 504 ## - BIBLIOGRAPHY, ETC. NOTE | |
| Bibliography, etc | Includes index. |
| 650 #4 - SUBJECT ADDED ENTRY--TOPICAL TERM | |
| Topical term or geographic name as entry element | Managemnet. |
| 650 #4 - SUBJECT ADDED ENTRY--TOPICAL TERM | |
| Topical term or geographic name as entry element | School boards. |
| 650 #4 - SUBJECT ADDED ENTRY--TOPICAL TERM | |
| Topical term or geographic name as entry element | School management and organization. |
| 951 ## - EQUIVALENCE OR CROSS-REFERENCE-GEOGRAPHIC NAME/AREA NAME [OBSOLETE] [CAN/MARC only] | |
| General subdivision | 00020085 |
| 700 1# - ADDED ENTRY--PERSONAL NAME | |
| Personal name | Klingenberg, Allen J. |
| 951 ## - EQUIVALENCE OR CROSS-REFERENCE-GEOGRAPHIC NAME/AREA NAME [OBSOLETE] [CAN/MARC only] | |
| -- | 21975 |
| -- | LB2831/G28 |
| -- | 070613111015046 |
| -- | 2000-12-21 |
| -- | GC |
| Withdrawn status | Lost status | Damaged status | Not for loan | Home library | Current library | Shelving location | Date acquired | Accession number | Shelving control number | Total Checkouts | Full call number | Barcode | Date last seen | Price effective from | Koha item type |
|---|---|---|---|---|---|---|---|---|---|---|---|---|---|---|---|
| BSOP Library | BSOP Library | GC | 12/21/2000 | 21975 | 127 | LB2831/G28 | 00020085 | 02/23/2013 | 02/23/2013 | Books |
